000 00496nam a22001937a 4500
003 OSt
005 20240710104858.0
008 240710b |||||||| |||| 00| 0 eng d
020 _a0075515407
040 _cMUST
082 _222
_a339 MAC 1994
100 _aBlomqvist, Ake
_918606
245 _amacroeconomics/
_cAke Blomqvist ...(et al)
250 _a4th ed.
300 _axxv, 475p.
_bill.
_c25cm
504 _aGlossary and index included
650 _2Macroeconomics
942 _2ddc
_cO_SHELF
999 _c9137
_d9137